000
00301nam a22001337a 4500
008
181105b xxu||||| |||| 00| 0 eng d
020
_a
9780340662175
041
_a
eng
080
_a
821
100
_a
24
101
_a
GJU
245
_a
Introductory Phonectics Phonology
_c
Mike.D
942
_2
udc
_c
BK
999
_c
51780
_d
51780